| 000 | 00601cab a2200193 4500 | ||
|---|---|---|---|
| 001 | WB2341-30 | ||
| 008 | 090401t1987 xxu||||| |||| 00| 0 eng d | ||
| 035 | _a(Sirsi) u26374 | ||
| 041 | _aeng | ||
| 245 | _aSIB rule book | ||
| 260 | _c1987 | ||
| 350 | _a0 | ||
| 490 |
_aTimes _v16/10/87 p23 Independent 16/10/87 p23 |
||
| 520 | _aThe Securities and Investment Board have published their final rules - the first for regulating Britain`s financial markets. | ||
| 650 | _aFINANCIAL SERVICES | ||
| 690 | _aMANAGEMENT-BUSINESS MANAGEMENT-PROFESSIONAL PRACTICE | ||
| 942 | _n0 | ||
| 948 | _c04/03/1997 | ||
| 999 |
_c17714 _d17714 |
||